000 00881nam a22001815i 4500
001 161252
003 ES-MaACL
005 20231230063010.0
008 020416s1863 sp |||| | spa d
040 _aCAM
_bspa
_cCAM
100 1 _aPalacio, Eduardo de,
_d1836?-1900
_9130783
245 1 3 _aEl sastre del Campillo
_b: romance triste en un acto y en verso /
_cde Eduardo de Palacio.
260 _aMadrid :
_bJuan Manuel Guerrero,
_c1863 (
_fImprenta de Cristóbal Gonzalez)
300 _a32 p. ;
_c20 cm.
596 1 _aEn la port. consta: "J.M.G.", y en verso de la port.: "... Juan Manuel Guerrero, editor de la coleccion de obras dramáticas y líricas titulada El Coliseo ..."
852 _aES-MaACL
_jF-8564(7)
_z-- Enc. pasta española
_q-- Falto de la cub. original
_z-- Forma parte de la col. facticia "Teatro español moderno", vol. 16
999 _c161252
_d161252